1087 1694 1071 1822 1370 1568 1492 1824 1401 1934 1895 1035 1794 1513 1632 1964 1382 1889 1025 1591 1230 1604 1185 1638 1789 1191 1912 1043 1586 1897 1564 1938 1517 1400 1536 1938 1149 1489 1969 1922 1700 1441 1340 1316 1041 1144 1073 1552 1907 1132 1943 1208 1611 1426 1825 1338 1461 1135 1264 1728 1665 1912 1954 1328 1414 1303 1531 1448 1208 1722 1221 1558 1840 1484 1144 1409 1084 1548 1783 1898 1337 1554 1712 1009 1876 1954 1792 1779 1204 1734 1475 1158 1462 1596 1582 1442 1695 1786 1998 BCNSPRNW ULIB Ver.6.0+V

เปลี่ยนเป็นภาษาไทย

Change to English
 แสดงรายละเอียดบรรณานุกรม
  กลับหน้าหลัก

Brief Record : Get Marc (ISO 2709) : E-mail record : QR code < ปิดหน้าต่าง
LEADER : 00000nam 2200000uu 4500
001    13399113450
003     ULIB
008    111117s2553||||th 000 0 tha d
020    ^a9789746452789(ล.2)
060  4 ^aWY150^bส627ก ล2
110 1  ^aมหาวิทยาลัยสุโขทัยธรรมาธิราช^bสาขาวิชาพยาบาลศาสตร์
245 00 ^aเอกสารการสอนชุดวิชา การพยาบาลผู้ใหญ่และผู้สูงอายุ หน่วยที่6-10=^bAdult and elderly nursing /^cบรรณาธิการ ศรีนวล สถิตวิทยานันท์
246 31 ^a Adult and elderly nursing
250    ^aพิมพ์ครั้งที่ 11
260    ^aนนทบุรี:^bศูนย์หนังสือมหาวิทยาลัยสุโขทัยธรรมาธิราช,^c2553
300    ^a548 หน้า
650  7 ^aการพยาบาลผู้สูงอายุ
650  7 ^aการพยาบาลผู้ใหญ่
700 0  ^aศรีนวล สถิตวิทยานันท์,^eบรรณาธิการ
710 2  ^aมหาวิทยาลัยสุโขทัยธรรมาธิราช^bสาขาวิชาพยาบาลศาสตร์
945    ^p245^l0^i030729
945    ^p245^l0^i030730
945    ^p245^l0^i030731
945    ^p245^l0^i030732
945    ^p245^l0^i030733
995    ^a เกษร
999    ^aใช้งานได้ทุกระบบ
รายการนี้ยังไม่มีแท็ก
คุณยังไม่ได้ล็อกอิน คุณสามารถมีกิจกรรมร่วมกับเว็บไซต์ได้ แต่ต้องล็อกอินก่อน ::
  ล็อกอิน

รายการสื่อสารสนเทศ

ลำดับที่ ประเภท เลขเรียก/บาร์โค้ด สถานที่ สถานะ
1. วิทยาศาสตร์การแพทย์ และสุขภาพ
หนังสือสำรอง
สถานะ=หนังสือสำรอง
WY150 ส627ก ล2 ฉ.1 
  Barcode: 030729
ห้องสมุดวิทยาเขตสวรรค์ประชารักษ์
►ส่วนจัดเก็บหนังสือเก่า สปร
บนชั้น
  ขอยืม
2. วิทยาศาสตร์การแพทย์ และสุขภาพ
วิทยาศาสตร์การแพทย์ และสุขภาพ
สถานะ=หนังสือเก่า
WY150 ส627ก ล2 ฉ.2 
  Barcode: 030730
ห้องสมุดวิทยาเขตสวรรค์ประชารักษ์
►หนังสือทั่วไป
ถูกยืม กำหนดส่งวันที่ 4 กรกฎาคม 2568
  จอง
3. วิทยาศาสตร์การแพทย์ และสุขภาพ
วิทยาศาสตร์การแพทย์ และสุขภาพ
WY150 ส627ก ล2 ฉ.3 
  Barcode: 030731
ห้องสมุดวิทยาเขตสวรรค์ประชารักษ์
►ส่วนจัดเก็บหนังสือเก่า สปร
บนชั้น
  ขอยืม

รายการใกล้เคียง
    หัวเรื่อง [การพยาบาลผู้สูงอายุ]
    หัวเรื่อง [การพยาบาลผู้ใหญ่]

BibComment


ยังไม่เคยถูกคอมเมนท์

คอมเมนท์ทรัพยากรรายการนี้
  คอมเมนท์: เอกสารการสอนชุดว..


 Copyright 2026. Bcnsprnw @Library